Meghalt Dudás István elvtárs

Elmentve itt :
Bibliográfiai részletek
Dokumentumtípus: Cikk
Megjelent: 1969-08-17
Sorozat:Délmagyarország 59 No. 190
Kulcsszavak:Dudás István, Politikai élet Kiskundorozsma
Online Access:http://dmarchiv.bibl.u-szeged.hu/61729
LEADER 00433nab a2200145 i 4500
001 delm61729
005 20180927144519.0
008 180927s1969 hu o 0|| hun d
040 |a SZTE Délmagyarország Archívum  |b hun 
041 |a hun 
245 0 0 |a Meghalt Dudás István elvtárs  |h [elektronikus dokumentum] 
260 |c 1969-08-17 
300 |a 5 
490 0 |a Délmagyarország  |v 59 No. 190 
695 |a Dudás István, Politikai élet Kiskundorozsma